TOP 10 Biggest Cities In Belgium - Statistics

General Stats
  • This quiz has been taken 75 times
  • The average score is 5 of 10
Answer Stats
Nr Residents Answer % Correct
1. 562.000 Antwerp
100%
4. 198.000 Brussels
97%
2. 272.000 Gent
66%
8. 120.000 Brugge
58%
3. 205.000 Charleroi
58%
7. 128.000 Anderlecht
29%
10. 104.000 Leuven
29%
5. 197.000 Liege , Luik
26%
6. 129.000 Schaarbeek
13%
9. 115.000 Namen
11%
No matching quizzes found
Score Distribution
Percent of People with Each Score
Percentile by Number Answered
Your Score History
You have not taken this quiz